Постановление ГКО СССР № 4046 сс о плане снабжения горюче-смазочными материалами Красной армии и Военно-морского флота на сентяб...

RUSMARC
00005307cam0a2200313#x 450
001b1119b4f-7d27-48f5-8d09-40d7b1c7173e
00520250523120835.0
100##$a20250523j19430905k###0rusy50 ca
1010#$arus
102##$aRU
105##$ay###z########
1220#$ad19430905##
2001#$aПостановление ГКО СССР № 4046 сс о плане снабжения горюче-смазочными материалами Красной армии и Военно-морского флота на сентябрь 1943 г., с приложением планов распределения, отгрузки, перевозки, сдачи и получения материалов, ведомостей разбронирования и возмещения, справки об экономии моторесурсов и горюче-смазочных материалов, докладных записок Микояна А. И. и Хрулева А. В. Сталину И. В., Григорьяна Г. М. Маленкову Г. М., Дворянчикова в ГКО
$j5 сентября 1943 г.
251##$cДокумент
300##$aРассылочный и подлинный экземпляры
461#0$12001
$aФ. 644
$1251
$cФонд
$1852
$j644
462#0$12001
$aОп. 1
$1251
$cОпись
$1852
$j1
60101$2nlr_sh
$3RU\NLR\AUTH\6601614128
$aСССР
$bГосударственный Комитет Обороны
$xИстория
$z1941 - 1945
$jДокументы и материалы
60102$2nlr_sh
$3RU\NLR\AUTH\6601746794
$aРабоче-Крестьянская Красная армия
$c1918 - 1946
$xМатериально-техническое снабжение
$z1941 - 1945
$jДокументы и материалы
605##$2prlib_sh
$3LIBNET\UAF\0000088514
$aВторая мировая война в архивных документах (Комплекс оцифрованных архивных документов, кино- и фотоматериалов)
$lколлекция
605##$2acquisition_Prlib
$3DITM\AF\0000002775
$aВласть
$lколлекция
6061#$2nlr_sh
$3RU\NLR\AUTH\661280795
$aВеликая Отечественная война
$z1941 - 1945
$xТыл(воен.)
$jДокументы и материалы
686##$a65.03(2)622ю1
$vLBC/M
$2rubbk
686##$a63.3(2)622,12ю1
$2rubbk
$vLBC/M
801#0$aRU
$bПБ им. Б.Н. Ельцина
$c20250523
801#1$aRU
$bПБ им. Б.Н. Ельцина
$c20250523
$2rusmarc
801#2$aRU
$bПБ им. Б.Н. Ельцина
$c20250523
$2rusmarc
850##$aРоссийский государственный архив социально-политической истории
852##$aРГАСПИ
$jД. 149. Л. 179-238; Оп. 2. Д. 211. Л. 35-100
035##$aLIBNET\0001475368
937##$d196750371
$hФедеральное архивное агентство
8564#$uhttp://readingroom.main.prlib.ru/item.aspx?id_node=n196750371&mode=full
Формат отображения